00893nam a22002175i 4500001000700000003000900007005001700016008004100033020002200074080002200096100003900118245007300157260006400230300002100294490004400315600003800359830005200397852008400449999001900533952012300552169220ES-MaACL20250905063054.0080822s2007 sp |||| | spa d a978-84-611-9589-3 a75 Picasso, Pablo1 aVillar, Arturo del,d1940-911506610aPicasso, un obrero pintor para la República / cArturo del Villar. a[Madrid] : bColectivo Republicano Tercer Milenio, c[2007] a63 p. ; c21 cm.1 aBiblioteca de divulgación republicana14aPicasso, Pablo,d1881-19739917940 aBiblioteca de divulgación republicana9185776 aES-MaACLjL-29627 9R.142485 z.- An. ms. : Ded. del autor al Ateneo de Madrid c169220d169220 00104070aATENEOMbATENEOMcDEPO2d2008-08-22eDONl0oL-29627p1177664r2023-02-23 00:00:00w2023-02-23yMONOGRAFIA